Manual de señalización de tránsito

সংরক্ষণ করুন:
গ্রন্থ-পঞ্জীর বিবরন
সংস্থা লেখক: Ministerio de Transportes y Telecomunicaciones (Author)
বিন্যাস: গ্রন্থ
ভাষা:স্প্যানিশ
প্রকাশিত: Santiago Ministerio de Transportes y Telecomunicaciones 2002
বিষয়গুলি:
ট্যাগগুলো: ট্যাগ যুক্ত করুন
কোনো ট্যাগ নেই, প্রথমজন হিসাবে ট্যাগ করুন!

MARC

LEADER 00000nam a2200000 a 4500
001 UCL3720
003 CL-VaPUC
008 031205e20020000CL |||||||||||||||||spa|d
082 0 4 |a 388.312  |b MIN  |2 21 
110 2 |a Ministerio de Transportes y Telecomunicaciones  |e author  |9 481110 
245 1 0 |a Manual de señalización de tránsito 
246 1 0 |a Señalización transitoria y medidas de seguridad para trabajos en la vía, cap. 5 
300 |a 152 p 
942 |c BK 
945 |d 20031205 00:00:00  |a cmena 
260 |a Santiago  |b Ministerio de Transportes y Telecomunicaciones  |c 2002 
650 7 |a SEÑALES DE TRANSITO  |2 CL-VaPUC  |9 455964 
650 0 |a Tráfico  |9 263653 
650 0 |a Transporte urbano  |9 260307 
583 |a last modification  |c 20031205 00:00:00  |k Rodrigo Vera 
999 |c 306729  |d 306727 
952 |0 0  |1 0  |4 0  |6 388_312000000000000_MIN_2002  |7 0  |8 F  |9 371980  |a BIBING  |b BIBING  |d 2019-11-21  |i 3970086  |o 388.312 MIN 2002  |p 3970086  |r 2025-01-20  |w 2019-11-21  |y BK_F  |k TRA 
952 |0 0  |1 0  |4 0  |6 388_312000000000000_MIN_2002  |7 0  |8 F  |9 371981  |a BIBING  |b BIBING  |d 2019-11-21  |i 3970094  |o 388.312 MIN 2002  |p 3970094  |r 2025-01-20  |w 2019-11-21  |y BK_F  |k TRA